000 00607nam a22002417a 4500
003 UA-OsUOA
001 30424
007 ta
008 20041110b un ||||| |||| 00| 0 ukr d
100 _aФедин Константин
090 _a929:821(100)
_bФ32
942 _cBK
040 _aUA-OsUOA
_brus
_cUA-OsUOA
_dUA-OsUOA
245 _aПисатель. Исскуство. Время.
300 _a610 с.
955 _a0
041 _arus
080 _a929:821(100)
260 _aМосква
_bСоветский писатель
_c1961
044 _aRU
650 7 _2UDC
999 _c316836
_d316836